El talismán /
ack Sawyer es un adolescente enfrentado a un arriesgado desafío: para salvar a su madre moribunda deberá emprender el viaje más alucinante y peligroso de su vida. Deberá vencer a un ejército de fuerzas diabólicas que pretenden eliminarle mientras atraviesa de un extremo a otro un mundo tan fantástic...
Guardado en:
| Autor Principal: | |
|---|---|
| Otros Autores: | , |
| Formato: | Libro |
| Idioma: | Undetermined |
| Publicado: |
Barcelona :
Planeta : Booket,
2003.
|
| Edición: | 1a ed. |
| Series: | Bestseller Internacional
|
| Materias: | |
| Etiquetas: |
Agregar Etiqueta
Sin Etiquetas, Sea el primero en etiquetar este registro!
|
| LEADER | 01256nam a22002295a 4500 | ||
|---|---|---|---|
| 001 | CEM.cems025030 | ||
| 008 | 251217s2003####sp############000#0#und#d | ||
| 005 | 20251217171120.0 | ||
| 245 | 1 | 0 | |a El talismán / |c Stephen King y Peter Straub ; traducción de Pilar Giralt Gorina. |
| 250 | |a 1a ed. | ||
| 260 | |a Barcelona : |b Planeta : |b Booket, |c 2003. | ||
| 300 | |a 569 p. | ||
| 490 | 1 | |a Bestseller Internacional | |
| 520 | |a ack Sawyer es un adolescente enfrentado a un arriesgado desafío: para salvar a su madre moribunda deberá emprender el viaje más alucinante y peligroso de su vida. Deberá vencer a un ejército de fuerzas diabólicas que pretenden eliminarle mientras atraviesa de un extremo a otro un mundo tan fantástico como espeluznante, un universo paralelo habitado por seres letales, expertos en mil artimañas destinadas a impedir que alcance su objetivo: hallar el objeto redentor que salvará la vida de su madre y la suya propia, conseguir el Talismán. | ||
| 020 | |a 8408042432 | ||
| 100 | 1 | |a King, Stephen. | |
| 700 | 1 | |a Straub, Peter. | |
| 700 | 1 | |a Giralt Gorina, Pilar; trad. | |
| 653 | |a Terror | ||
| 653 | |a Literatura estadounidense | ||
| 653 | |a Novela estadounidense | ||
| 859 | |a CEMS |b BIB. CEMS - 11 de abril |h 813.5 |i K587-21 |p 30578.25 |t Ej.1 | ||
